03169nam a2200457 i 4500001001200000003000800012006001900020007001500039008004100054020001500095020001800110020002700128024001800155040003500173035002100208050002700229082001600256111011800272245034600390264013700736264001200873300006500885336002100950337002300971338003200994490006401026500007301090504005301163505029501216588004701511590014701558650003501705655002201740700002701762711008601789776061901875797001202494830006202506856012602568999001702694ebr10828934CaPaEBRm o d cr cn|||||||||120307t20102010sz ad ob 101 0 eng|d z390815846X z9783908158462 a9783038134206 (e-book)3 z9783908158301 aCaPaEBRbengerdaepncCaPaEBR a(OCoLC)87267132214aTA455.C43bI575 2010eb04a620.1/42232 aInternational Meeting on Modern Ceramics Technologiesn(12th :d2010 :cMontecatini Terme, Italy),jissuing body.10aNovel routes for ceramics synthesis and processing :b12th International Ceramics Congress, Part B : proceedings of the 12th International Ceramics Congress, part of CIMTEC 2010--12th International Ceramics Congress and 5th Forum on New Materials, Montecatini Terme, Italy, June 6-11, 2010 /cedited by Pietro Vincenzini [and three others]. 1aStafa-Zuerich, Switzerland ;aEnfield, NH, USA :bTrans Tech Publications Limited, on behalf of Techna Group, Faenza, Italy,c[2010] 4c�2010 a1 online resource (447 pages) :billustrations (some color). atext2rdacontent acomputer2rdamedia aonline resource2rdacarrier1 aAdvances in science and technology,x1661-819X ;vvolume 63 a"Symposium CB - Novel Routes for Ceramics Synthesis and Processing." aIncludes bibliographical references and indexes.0 asection I. Soft solution processing -- section II. Spark plasma and microwave synthesis and sintering -- section III. Hybrid materials -- section IV. Porous ceramics -- section V. SHS ceramics -- section VI. Layered and functionally graded materials -- section VII. Other processing routes. aDescription based on print version record. aElectronic reproduction. Palo Alto, Calif. : ebrary, 2014. Available via World Wide Web. Access may be limited to ebrary affiliated libraries. 0aCeramic materialsvCongresses. 0aElectronic books.1 aVincenzini, P.,d1939-2 aForum on New Materialsn(5th :d2010 :cMontecatini Terme, Italy),jissuing body.08iPrint version:aInternational Meeting on Modern Ceramics Technologies.tNovel routes for ceramics synthesis and processing : 12th International Ceramics Congress, Part B : proceedings of the 12th International Ceramics Congress, part of CIMTEC 2010--12th International Ceramics Congress and 5th Forum on New Materials, Montecatini Terme, Italy, June 6-11, 2010.dStafa-Zuerich, Switzerland : Trans Tech Publications Ltd., on behalf of Techna Group, Faenza, Italy, [2010]h[a]-d, 437 pages ; 24 cm.kAdvances in science and technology ; volume 63x1661-819X ;z9783908158462w(OCoLC)ocn702873609w(DLC) 20123605762 aebrary. 0aAdvances in science and technology (Faenza, Italy) ;v63.40uhttp://site.ebrary.com/lib/rucke/Doc?id=10828934zAn electronic book accessible through the World Wide Web; click to view c85434d85434